000 00941nmm a2200277 a 4500
001 ocm000655984
003 TR-IsHL
005 20201028132916.0
008 131030s[199 tu tur
007 cr cn
020 _a9789759537005
035 _a655984
_b(N$T)
050 0 4 _aHD2346.T9
_bO78[1 [199?]
090 0 4 _aHD2346.T9
_bO78[1 [199?]
245 1 0 _aOrta büyüklükteki işletmeler ve bürokrasi
_h[electronic resource] /
_chazırlayanlar Ömer Dinçer, Hüner Şencan
260 _aİstanbul :
_bMÜSİAD,
_c[199?]
300 _a86 p.
650 4 _aDil ve Edebiyat
650 4 _aLanguage and Literature
650 0 _aKüçük İşletmeler
_x Türkiye
650 0 _aSmall business
_x Turkey
650 7 _aBUSINESS & ECONOMICS / Small Business
_2bisacsh
700 1 _aDinçer, Ömer
700 1 _aŞencan, Hülya
856 4 0 _uhttp://search.ebscohost.com/login.aspx?direct=true&scope=site&db=e011xww&AN=655984
999 _c5349
_d5349